Gaming Quiz

Random Gaming or Video Games Quiz

Matching: Missing Name Letter Quiz Stats

 Plays Quiz not verified by Sporcle

Score 0/20 Timer 02:00
0 Plays Today
% Correct
Si_ent
100%
Fin_l
100%
_ce
90.9%
D_ck
90.9%
Hy_ule
81.8%
S_nic
81.8%
K_ller
81.8%
K_t_m_ri
72.7%
F_rg_tten
72.7%
_i_ja
72.7%
% Correct
_issile
72.7%
Hal_
63.6%
Al_ered
63.6%
Jad_
54.5%
Lo_t
54.5%
D_ar
54.5%
Ki_kle
45.5%
F_ll
45.5%
Za_
45.5%
We__ing
36.4%

You're not logged in!

Compare scores with friends on all Sporcle quizzes.
OR
Log In

Show Comments

Extras

Top Quizzes Today


Score Distribution

Your Account Isn't Verified!

In order to create a playlist on Sporcle, you need to verify the email address you used during registration. Go to your Sporcle Settings to finish the process.

Report this User

Report this user for behavior that violates our Community Guidelines.

Details: